000
00347 a2200157 4500
001
150638
040
_c
Escola São Tomás de Aquino
100
_a
GATTAI, Zélia
240
1
0
_a
O segredo da rua 18
_l
por
245
1
0
_a
O segredo da rua 18
300
_a
51
362
0
_a
1998
440
1
_a
Record
697
_a
ARTES E RECREAÇÃO
942
_c
BK
999
_c
150638
_d
150638